Les 15 meilleurs passeurs de bundesliga (saison 2023-2024) - Statistiques

Statistiques générales
  • Ce quiz a été pris 24 fois
  • Le résultat moyen est 7 sur 15
Statistiques - réponses
Classement
Nombre de
passes
décisives
Équipe Joueur % Correct
2 11 Bayer Leverkusen Florian Wirtz
87%
1 13 Bayer Leverkusen Alejandro Grimaldo
78%
14 8 Bayern Munich Harry Kane
78%
3 11 Bayern Munich Leroy Sané
78%
8 9 Bayern Munich Thomas Muller
70%
6 11 Leipzig Xavi Simons
65%
4 11 Dortmund Julian Brandt
61%
13 8 Bayer Leverkusen Victor Boniface
61%
15 8 Dortmund Niclas Fullkrug
48%
11 9 Stuttgart Deniz Undav
43%
7 9 Augsbourg Ermedin Demirovic
13%
5 11 Heidenheim Jan-Niklas Beste
13%
10 9 Mönchengladbach Franck Honorat
9%
9 9 Bochum Kevin Stoger
9%
12 9 Werder Breme Marvin Ducksch
9%
Aucun quiz correspondant
Distribution des résultats
% des personnes avec chaque résultat
Percentile par nombre de réponses
Votre historique - résultats
Vous n’avez pas pris ce quiz